书目信息 |
| 题名: |
微软全球网址簿
|
|
| 作者: | ;美国微软公司 著 ;Internet资源翻译组 译 | |
| 分册: | ||
| 出版信息: | 北京 北京希望电脑公司 1998 |
|
| 页数: | 1179页 | |
| 开本: | 26cm | |
| 丛书名: | ||
| 单 册: | ||
| 中图分类: | TP393 | |
| 科图分类: | 73.879 | |
| 主题词: | 互联网络--地址 , 互联网络 , 地址 | |
| 电子资源: | ||
| ISBN: | 7-980008-42-1 | |
| 000 | 00947nam0 2200313 450 | |
| 001 | 0199030381 | |
| 005 | 20100713020612.0 | |
| 010 | @a7-980008-42-1@dCNY100 | |
| 011 | @a7-980008-42-1 | |
| 100 | @a19990506d1998 em y0chiy0110 ea | |
| 101 | 1 | @achi@ceng |
| 102 | @aCN@b110000 | |
| 105 | @ay zg 000yy | |
| 106 | @ar | |
| 200 | 1 | @a微软全球网址簿@9Wei Ruan Quan Qiu Wang Zhi Bu @f[美国微软公司]Microsoft公司著@g《Internet资源》翻译组译 |
| 210 | @a北京@c北京希望电脑公司@d1998 | |
| 215 | @a1179页@d26cm@e光盘1片 | |
| 300 | @a美国微软出版社授权中文版系列书 | |
| 510 | 1 | @aInternet directory@zeng |
| 606 | 0 | @a互联网络@x地址 |
| 606 | 0 | @a互联网络 |
| 606 | 0 | @a地址 |
| 610 | 0 | @a网址 |
| 690 | @aTP393@v3 | |
| 692 | @a73.879@v2 | |
| 711 | 02 | @a美国微软公司@9mei guo wei ruan gong si@4著 |
| 712 | 02 | @aInternet资源翻译组@9Internet zi yuan fan yi zu@4译 |
| 801 | 0 | @aCN@b91MARC@c20130904 |
| 905 | @aBZT@dTP393@e234@f1@sTP393/234 | |
| 微软全球网址簿/[美国微软公司]Microsoft公司著/《Internet资源》翻译组译.-北京:北京希望电脑公司,1998 |
| 1179页;26cm+光盘1片 |
| 美国微软出版社授权中文版系列书 |
| ISBN 7-980008-42-1:CNY100 |
| ● |
| 相关链接 |
|
|
|
正题名:微软全球网址簿
索取号:TP393/234
 
预约/预借
| 序号 | 登录号 | 条形码 | 馆藏地/架位号 | 状态 | 备注 |
| 1 | 2000043060 | 2000043060 | 旧书回溯/ [索取号:TP393/234] | 在馆 |